Republic Act 9165 and its implementing rules and regulations : (Record no. 292116)
[ view plain ]
| 000 -LEADER | |
|---|---|
| fixed length control field | 00518nam a2200157Ia 4500 |
| 008 - FIXED-LENGTH DATA ELEMENTS--GENERAL INFORMATION | |
| fixed length control field | 160319s9999 xx 000 0 und d |
| 050 ## - LIBRARY OF CONGRESS CALL NUMBER | |
| Classification number | Fil 328 |
| 050 ## - LIBRARY OF CONGRESS CALL NUMBER | |
| Item number | R425 |
| 245 ## - TITLE STATEMENT | |
| Title | Republic Act 9165 and its implementing rules and regulations : |
| 245 ## - TITLE STATEMENT | |
| Remainder of title | The Comprehensive Dangerous Drugs Act of 2002. |
| 300 ## - PHYSICAL DESCRIPTION | |
| Extent | 158 pages : |
| 300 ## - PHYSICAL DESCRIPTION | |
| Dimensions | 22 cm. |
| 650 ## - SUBJECT ADDED ENTRY--TOPICAL TERM | |
| Topical term or geographic name as entry element | Drug addiction--Philippines |
| 650 ## - SUBJECT ADDED ENTRY--TOPICAL TERM | |
| Topical term or geographic name as entry element | Comprehensive Dangerous Drugs Act of 2002 |
| 650 ## - SUBJECT ADDED ENTRY--TOPICAL TERM | |
| Topical term or geographic name as entry element | Drugs -- Law and legislation -- Philippines. |
| Withdrawn status | Lost status | Damaged status | Home library | Current library | Shelving location | Date acquired | Total Checkouts | Full call number | Barcode | Date last seen | Price effective from | Koha item type |
|---|---|---|---|---|---|---|---|---|---|---|---|---|
| Stonyhurst Southville International School (Batangas) | Stonyhurst Southville International School (Batangas) | Filipiniana Section | 03/19/2016 | Fil 328 R425 | US 0485 | 03/19/2016 | 03/19/2016 | Books |